[Event "Marianske Lazne 2023"]
[Site "?"]
[Date "2023.01.20"]
[Round "2.12"]
[White "Paszewski, Mateusz"]
[Black "Pisk, Petr"]
[Result "1/2-1/2"]
[BlackElo "2305"]
[WhiteElo "2303"]
[LiveChessVersion "1.4.8"]

1. e4 {[%clk 1:30:44]} c5 {[%clk 1:29:54]} 2. Nf3 {[%clk 1:31:02]} Nc6
{[%clk 1:30:07]} 3. Bb5 {[%clk 1:31:05]} e6 {[%clk 1:30:05]} 4. O-O
{[%clk 1:30:27]} Nge7 {[%clk 1:29:44]} 5. d4 {[%clk 1:30:46]} cxd4
{[%clk 1:28:14]} 6. Nxd4 {[%clk 1:30:56]} Ng6 {[%clk 1:21:47]} 7. Be3
{[%clk 1:30:09]} Be7 {[%clk 1:17:02]} 8. Be2 {[%clk 1:29:57]} O-O
{[%clk 1:12:52]} 9. c4 {[%clk 1:30:07]} d6 {[%clk 1:05:21]} 10. Nc3
{[%clk 1:28:27]} Nxd4 {[%clk 0:58:45]} 11. Qxd4 {[%clk 1:22:40]} Bd7
{[%clk 0:45:31]} 12. Rad1 {[%clk 1:20:43]} Bc6 {[%clk 0:44:43]} 13. Qd2
{[%clk 1:19:47]} Bf6 {[%clk 0:37:07]} 14. f3 {[%clk 0:49:56]} Be5
{[%clk 0:33:43]} 15. Nb5 {[%clk 0:39:47]} Bxb5 {[%clk 0:26:15]} 16. cxb5
{[%clk 0:40:16]} d5 {[%clk 0:26:04]} 17. exd5 {[%clk 0:35:25]} exd5
{[%clk 0:22:00]} 18. f4 {[%clk 0:34:07]} Bc7 {[%clk 0:14:28]} 19. g3
{[%clk 0:24:52]} Re8 {[%clk 0:11:41]} 20. Bf2 {[%clk 0:23:45]} Bb6
{[%clk 0:05:33]} 21. Bf3 {[%clk 0:22:35]} Qf6 {[%clk 0:04:28]} 22. Bxb6
{[%clk 0:19:15]} axb6 {[%clk 0:03:48]} 23. a3 {[%clk 0:18:05]} Rad8
{[%clk 0:03:50]} 24. Qd4 {[%clk 0:16:50]} Qxd4+ {[%clk 0:01:50]} 25. Rxd4
{[%clk 0:17:19]} Ne7 {[%clk 0:02:14]} 26. Rfd1 {[%clk 0:13:27]} g6
{[%clk 0:02:42]} 27. Bxd5 {[%clk 0:12:31]} Nxd5 {[%clk 0:01:59]} 28. Rxd5
{[%clk 0:13:00]} Re1+ {[%clk 0:01:09]} 29. Rxe1 {[%clk 0:13:28]} Rxd5
{[%clk 0:01:31]} 30. Re7 {[%clk 0:08:07]} Rd1+ {[%clk 0:01:00]} 31. Kg2
{[%clk 0:04:50]} Rd2+ {[%clk 0:01:28]} 32. Kh3 {[%clk 0:05:16]} Rxb2
{[%clk 0:01:19]} 33. a4 {[%clk 0:05:45]} Rb4 {[%clk 0:01:24]} 34. Rxb7
{[%clk 0:06:11]} Rxa4 {[%clk 0:01:42]} 35. Rxb6 {[%clk 0:05:12]} Rb4
{[%clk 0:01:41]} 36. Kg4 {[%clk 0:03:46]} h5+ {[%clk 0:01:25]} 37. Kf3
{[%clk 0:01:55]} Kg7 {[%clk 0:01:32]} 38. Rb8 {[%clk 0:01:56]} Rb2
{[%clk 0:01:31]} 39. h4 {[%clk 0:01:05]} Rb3+ {[%clk 0:01:57]} 40. Kf2
{[%clk 0:00:37]} Kf6 {[%clk 0:01:46]} 41. b6 {[%clk 0:29:41]} Kf5
{[%clk 0:28:15]} 42. b7 {[%clk 0:16:31]} Kg4 {[%clk 0:25:17]} 43. f5
{[%clk 0:16:26]} Kxf5 {[%clk 0:17:44]} 44. Ra8 {[%clk 0:16:50]} Rxb7
{[%clk 0:17:51]} 45. Ra4 {[%clk 0:16:58]} Rb2+ {[%clk 0:15:50]} 46. Kf3
{[%clk 0:17:26]} Rb3+ {[%clk 0:15:31]} 47. Kg2 {[%clk 0:17:26]} Re3
{[%clk 0:15:42]} 48. Rf4+ {[%clk 0:17:06]} Ke6 {[%clk 0:16:03]} 49. Ra4
{[%clk 0:17:35]} f6 {[%clk 0:15:56]} 50. Kf2 {[%clk 0:16:36]} Re5
{[%clk 0:15:12]} 51. Kf3 {[%clk 0:16:54]} Rb5 {[%clk 0:13:22]} 52. Re4+
{[%clk 0:16:29]} Kd5 {[%clk 0:13:46]} 53. Re8 {[%clk 0:15:28]} Rb3+
{[%clk 0:11:11]} 54. Kf4 {[%clk 0:15:39]} Rb4+ {[%clk 0:11:15]} 55. Kf3
{[%clk 0:16:03]} g5 {[%clk 0:11:07]} 56. hxg5 {[%clk 0:16:06]} fxg5
{[%clk 0:11:18]} 57. Rd8+ {[%clk 0:09:23]} Kc4 {[%clk 0:09:20]} 58. Rh8
{[%clk 0:06:44]} Kd3 {[%clk 0:06:45]} 59. Rxh5 {[%clk 0:06:46]} g4+
{[%clk 0:06:56]} 60. Kf2 {[%clk 0:07:15]} Ke4 {[%clk 0:04:24]} 61. Ra5
{[%clk 0:06:01]} Rb2+ {[%clk 0:04:28]} 62. Kg1 {[%clk 0:06:28]} Rb1+
{[%clk 0:04:04]} 1/2-1/2

[Event "Marianske Lazne 2023"]
[Site "?"]
[Date "2023.01.20"]
[Round "2.13"]
[White "Goroshkov, Maksym"]
[Black "Plischki, Sebastian"]
[Result "1/2-1/2"]
[BlackElo "2331"]
[WhiteElo "2261"]
[LiveChessVersion "1.4.8"]

1. e4 {[%clk 1:30:56]} g6 {[%clk 1:30:40]} 2. d4 {[%clk 1:31:06]} Bg7
{[%clk 1:31:05]} 3. c4 {[%clk 1:31:19]} d6 {[%clk 1:31:16]} 4. Nc3
{[%clk 1:30:30]} Nf6 {[%clk 1:30:52]} 5. f3 {[%clk 1:30:39]} O-O {[%clk 1:30:46]}
6. Be3 {[%clk 1:30:53]} c5 {[%clk 1:30:24]} 7. d5 {[%clk 1:30:36]} e6
{[%clk 1:29:38]} 8. Qd2 {[%clk 1:29:20]} exd5 {[%clk 1:29:54]} 9. cxd5
{[%clk 1:29:37]} Re8 {[%clk 1:29:04]} 10. O-O-O {[%clk 1:28:42]} a6
{[%clk 1:28:27]} 11. g4 {[%clk 1:24:26]} b5 {[%clk 1:27:02]} 12. Bh6 b4
{[%clk 1:17:33]} 13. Bxg7 {[%clk 1:16:54]} Kxg7 {[%clk 1:15:39]} 14. Nce2
{[%clk 1:16:42]} Nbd7 {[%clk 1:13:56]} 15. g5 {[%clk 1:14:58]} Nh5
{[%clk 1:12:10]} 16. Ng3 {[%clk 1:14:24]} Nxg3 {[%clk 1:07:40]} 17. hxg3
{[%clk 1:14:34]} Nf8 {[%clk 1:05:46]} 18. Nh3 {[%clk 1:13:03]} a5
{[%clk 1:03:22]} 19. Bb5 {[%clk 1:11:49]} Bd7 {[%clk 1:03:23]} 20. Bxd7
{[%clk 1:12:09]} Nxd7 {[%clk 1:01:53]} 21. Nf2 {[%clk 1:11:14]} f6
{[%clk 1:00:01]} 22. Ng4 {[%clk 1:03:16]} h5 {[%clk 0:47:22]} 23. gxf6+
{[%clk 1:01:17]} Nxf6 {[%clk 0:45:00]} 24. Qh6+ {[%clk 1:01:40]} Kf7
{[%clk 0:45:24]} 25. Nf2 {[%clk 1:01:56]} Rh8 {[%clk 0:43:47]} 26. Qf4
{[%clk 1:02:14]} Kg7 {[%clk 0:43:26]} 27. Nh3 {[%clk 1:02:26]} Nh7
{[%clk 0:42:15]} 28. Qe3 {[%clk 1:00:29]} Qf6 {[%clk 0:40:25]} 29. f4
{[%clk 0:59:03]} Rhe8 {[%clk 0:38:24]} 30. Rhe1 {[%clk 0:56:17]} a4
{[%clk 0:37:27]} 31. e5 {[%clk 0:45:38]} Qf5 {[%clk 0:37:49]} 32. Nf2
{[%clk 0:45:39]} a3 {[%clk 0:37:35]} 33. Qd3 {[%clk 0:40:31]} axb2+
{[%clk 0:35:03]} 34. Kxb2 {[%clk 0:40:38]} Qf7 {[%clk 0:34:14]} 35. Ne4
{[%clk 0:36:52]} Qa7 {[%clk 0:31:27]} 36. Qc4 {[%clk 0:34:15]} 1/2-1/2

[Event "Marianske Lazne 2023"]
[Site "?"]
[Date "2023.01.20"]
[Round "2.14"]
[White "Stinka, Jakub"]
[Black "Pourquet, Matthieu"]
[Result "1-0"]
[BlackElo "2212"]
[WhiteElo "2301"]
[LiveChessVersion "1.4.8"]

1. d4 {[%clk 1:30:58]} Nf6 {[%clk 1:30:54]} 2. c4 {[%clk 1:31:23]} e6
{[%clk 1:31:21]} 3. Nf3 {[%clk 1:31:48]} d5 {[%clk 1:31:22]} 4. Nc3
{[%clk 1:32:05]} dxc4 {[%clk 1:31:43]} 5. e3 {[%clk 1:29:53]} a6 {[%clk 1:32:07]}
6. a4 {[%clk 1:29:55]} c5 {[%clk 1:32:32]} 7. Bxc4 {[%clk 1:30:17]} Be7
{[%clk 1:32:56]} 8. O-O {[%clk 1:29:44]} cxd4 {[%clk 1:33:23]} 9. exd4
{[%clk 1:29:32]} O-O {[%clk 1:33:48]} 10. Be3 {[%clk 1:19:38]} Nc6
{[%clk 1:33:11]} 11. Qe2 {[%clk 1:16:17]} Nb4 {[%clk 1:33:30]} 12. Ne5
{[%clk 1:14:26]} Nbd5 {[%clk 1:19:53]} 13. Rac1 {[%clk 1:01:53]} Qa5
{[%clk 1:13:17]} 14. Bb3 {[%clk 0:55:28]} Rd8 {[%clk 1:10:31]} 15. Qf3
{[%clk 0:36:12]} Qb4 {[%clk 0:41:22]} 16. Bc2 {[%clk 0:27:42]} Qxb2
{[%clk 0:34:45]} 17. Ne4 {[%clk 0:27:20]} Bd7 {[%clk 0:33:40]} 18. Nxf6+
{[%clk 0:20:04]} Nxf6 {[%clk 0:31:54]} 19. Nc4 {[%clk 0:19:59]} Qb4
{[%clk 0:21:11]} 20. Bd2 {[%clk 0:19:58]} Qxc4 {[%clk 0:21:28]} 21. Bxh7+
{[%clk 0:20:22]} Kxh7 {[%clk 0:21:55]} 22. Rxc4 {[%clk 0:20:44]} b5
{[%clk 0:22:07]} 23. Rc7 {[%clk 0:19:44]} bxa4 {[%clk 0:20:42]} 24. Rxd7
{[%clk 0:15:07]} Nxd7 {[%clk 0:21:05]} 25. Qxf7 {[%clk 0:15:34]} Bf6
{[%clk 0:21:04]} 26. Ba5 {[%clk 0:15:44]} 1-0

[Event "Marianske Lazne 2023"]
[Site "?"]
[Date "2023.01.20"]
[Round "2.15"]
[White "Krivenko, Dion"]
[Black "Terhuven, Patrick"]
[Result "0-1"]
[BlackElo "2174"]
[WhiteElo "2141"]
[LiveChessVersion "1.4.8"]

1. e4 {[%clk 1:30:57]} c5 {[%clk 1:30:54]} 2. Nf3 {[%clk 1:31:22]} Nc6
{[%clk 1:31:18]} 3. Nc3 {[%clk 1:29:05]} g6 {[%clk 1:31:39]} 4. Bc4
{[%clk 1:29:03]} Bg7 {[%clk 1:31:32]} 5. O-O {[%clk 1:29:15]} e6 {[%clk 1:28:59]}
6. d4 {[%clk 1:28:54]} cxd4 7. Nb5 {[%clk 1:28:39]} d6 {[%clk 1:27:54]} 8. Nbxd4
Nge7 9. c3 {[%clk 1:28:25]} O-O {[%clk 1:27:31]} 10. Bb3 {[%clk 1:24:17]} a6
{[%clk 1:25:40]} 11. Be3 {[%clk 1:22:13]} Qc7 {[%clk 1:24:11]} 12. Qd2
{[%clk 1:21:41]} Rd8 {[%clk 1:22:22]} 13. Bh6 {[%clk 1:14:32]} Bh8
{[%clk 1:20:45]} 14. Qf4 {[%clk 1:11:26]} Ne5 {[%clk 1:16:19]} 15. Ng5
{[%clk 1:02:24]} N7c6 {[%clk 1:12:36]} 16. Qh4 {[%clk 0:57:36]} Qe7
{[%clk 1:05:48]} 17. f4 {[%clk 0:50:54]} Nd3 {[%clk 0:59:28]} 18. Nf5
{[%clk 0:37:25]} exf5 {[%clk 0:44:51]} 19. Bxf7+ {[%clk 0:34:39]} Qxf7
{[%clk 0:45:07]} 20. Nxf7 {[%clk 0:34:55]} Kxf7 {[%clk 0:45:32]} 21. Bg5
{[%clk 0:34:13]} Rg8 {[%clk 0:44:23]} 22. Rad1 {[%clk 0:29:04]} fxe4
{[%clk 0:38:39]} 23. f5 {[%clk 0:27:18]} gxf5 {[%clk 0:38:16]} 24. Rxd3
{[%clk 0:22:55]} exd3 {[%clk 0:38:19]} 25. Qc4+ {[%clk 0:21:33]} Kf8
{[%clk 0:36:51]} 26. Bf4 {[%clk 0:14:07]} Rg6 {[%clk 0:34:44]} 27. Qxd3
{[%clk 0:13:28]} Be5 {[%clk 0:34:17]} 28. b4 {[%clk 0:10:28]} Ke7
{[%clk 0:30:26]} 29. Qh3 {[%clk 0:08:26]} h6 {[%clk 0:25:10]} 30. Qh4+
{[%clk 0:03:52]} Kf7 {[%clk 0:24:03]} 31. Bxe5 {[%clk 0:04:02]} dxe5
{[%clk 0:23:20]} 32. Qc4+ {[%clk 0:04:01]} Kg7 {[%clk 0:23:00]} 33. Qc5
{[%clk 0:03:57]} Be6 {[%clk 0:16:39]} 34. Rd1 {[%clk 0:03:19]} Kf6
{[%clk 0:14:52]} 35. a4 {[%clk 0:02:47]} e4 {[%clk 0:12:28]} 36. Rd6
{[%clk 0:01:27]} Rc8 {[%clk 0:10:30]} 37. Qb6 {[%clk 0:00:52]} Ke7
{[%clk 0:08:26]} 38. Qc5 {[%clk 0:00:36]} Kf7 {[%clk 0:08:12]} 39. Qb6
{[%clk 0:00:49]} Ne7 {[%clk 0:07:45]} 40. Qxb7 {[%clk 0:00:32]} Rxc3
{[%clk 0:07:55]} 41. g3 {[%clk 0:28:34]} h5 {[%clk 0:31:27]} 42. Qa7
{[%clk 0:24:43]} h4 {[%clk 0:27:43]} 43. Qd4 {[%clk 0:24:26]} Rc1+
{[%clk 0:26:07]} 44. Kf2 {[%clk 0:23:27]} hxg3+ {[%clk 0:26:03]} 45. hxg3
{[%clk 0:23:53]} Rc2+ {[%clk 0:26:12]} 46. Ke1 {[%clk 0:22:14]} Rxg3
{[%clk 0:25:09]} 47. b5 {[%clk 0:21:45]} axb5 {[%clk 0:24:45]} 48. axb5
{[%clk 0:22:14]} e3 {[%clk 0:24:22]} 49. Kd1 {[%clk 0:21:20]} Rd2+
{[%clk 0:24:35]} 50. Qxd2 {[%clk 0:21:45]} exd2 {[%clk 0:25:00]} 51. Kxd2
{[%clk 0:22:08]} Rb3 {[%clk 0:24:54]} 52. b6 {[%clk 0:22:33]} Nd5
{[%clk 0:25:03]} 53. b7 {[%clk 0:22:43]} Rxb7 {[%clk 0:25:15]} 54. Rd7+
{[%clk 0:23:03]} Rxd7 {[%clk 0:25:35]} 0-1

[Event "Marianske Lazne 2023"]
[Site "?"]
[Date "2023.01.20"]
[Round "2.16"]
[White "Garsky, Vladyslav"]
[Black "Mannion, Stephen R"]
[Result "1/2-1/2"]
[BlackElo "2224"]
[WhiteElo "2169"]
[LiveChessVersion "1.4.8"]

1. e4 {[%clk 1:30:57]} e5 {[%clk 1:30:55]} 2. Nf3 {[%clk 1:31:24]} Nc6
{[%clk 1:31:21]} 3. Bc4 {[%clk 1:31:39]} Bc5 {[%clk 1:31:45]} 4. d3
{[%clk 1:29:03]} Nf6 {[%clk 1:31:53]} 5. c3 {[%clk 1:26:30]} d6 {[%clk 1:32:09]}
6. h3 {[%clk 1:26:39]} h6 {[%clk 1:32:20]} 7. Nbd2 {[%clk 1:26:14]} a5
{[%clk 1:32:34]} 8. Nf1 {[%clk 1:24:10]} Be6 {[%clk 1:32:12]} 9. Bb3
{[%clk 1:20:14]} Bxb3 {[%clk 1:14:03]} 10. Qxb3 {[%clk 1:17:13]} Qd7
{[%clk 1:13:25]} 11. Be3 {[%clk 1:14:41]} O-O {[%clk 1:07:14]} 12. g4
{[%clk 1:00:36]} a4 {[%clk 1:01:20]} 13. Qc2 {[%clk 1:00:14]} Bxe3
{[%clk 1:01:22]} 14. Nxe3 {[%clk 1:00:25]} d5 {[%clk 1:01:47]} 15. Rg1
{[%clk 0:43:33]} Rfd8 {[%clk 0:47:18]} 16. O-O-O {[%clk 0:38:16]} a3
{[%clk 0:36:09]} 17. b3 {[%clk 0:38:26]} d4 {[%clk 0:35:33]} 18. Nf5
{[%clk 0:35:59]} dxc3 {[%clk 0:31:20]} 19. Qxc3 {[%clk 0:35:37]} Nd4
{[%clk 0:19:05]} 20. N3xd4 {[%clk 0:33:32]} exd4 {[%clk 0:19:33]} 21. Qd2
{[%clk 0:33:33]} Nh7 {[%clk 0:16:15]} 22. h4 {[%clk 0:27:15]} Ra6
{[%clk 0:16:30]} 23. f4 {[%clk 0:26:48]} Re8 {[%clk 0:13:01]} 24. Kb1
{[%clk 0:24:22]} c5 {[%clk 0:12:22]} 25. Rc1 {[%clk 0:23:16]} Rc8
{[%clk 0:12:34]} 26. Qe2 {[%clk 0:22:19]} b5 {[%clk 0:08:37]} 27. g5
{[%clk 0:19:40]} c4 {[%clk 0:07:09]} 28. Rgd1 {[%clk 0:13:17]} c3
{[%clk 0:05:22]} 29. Rc2 {[%clk 0:13:11]} hxg5 {[%clk 0:05:09]} 30. hxg5
{[%clk 0:13:23]} g6 {[%clk 0:05:19]} 31. Rh1 {[%clk 0:11:05]} gxf5
{[%clk 0:05:06]} 32. Qh5 {[%clk 0:10:17]} fxe4 {[%clk 0:05:33]} 33. Qxh7+
{[%clk 0:10:38]} Kf8 {[%clk 0:05:59]} 34. f5 {[%clk 0:07:16]} Ke7
{[%clk 0:06:27]} 35. Re1 {[%clk 0:05:17]} e3 {[%clk 0:06:30]} 36. g6
{[%clk 0:05:02]} Qxf5 {[%clk 0:06:09]} 37. Qh4+ {[%clk 0:05:18]} Qf6
{[%clk 0:04:52]} 38. Qe4+ {[%clk 0:04:27]} Re6 {[%clk 0:03:17]} 39. Qb7+
{[%clk 0:04:56]} Kd8 {[%clk 0:03:41]} 40. Rh1 {[%clk 0:03:25]} e2
{[%clk 0:01:10]} 41. Re1 {[%clk 0:03:22]} Qf1 {[%clk 0:20:21]} 42. Qd5+
{[%clk 0:33:39]} Ke7 {[%clk 0:20:45]} 43. Qb7+ {[%clk 0:33:28]} Kd8
{[%clk 0:13:43]} 44. Qd5+ {[%clk 0:33:50]} Ke7 {[%clk 0:09:28]} 45. Qb7+
{[%clk 0:34:19]} 1/2-1/2

[Event "Marianske Lazne 2023"]
[Site "?"]
[Date "2023.01.20"]
[Round "2.18"]
[White "Besou, Hussain"]
[Black "Kristoferitsch, Daniel"]
[Result "1/2-1/2"]
[BlackElo "2295"]
[WhiteElo "2288"]
[LiveChessVersion "1.4.8"]

1. e4 {[%clk 1:30:55]} c5 {[%clk 1:30:53]} 2. Nf3 {[%clk 1:31:18]} d6
{[%clk 1:31:18]} 3. d4 {[%clk 1:31:40]} cxd4 {[%clk 1:31:43]} 4. Nxd4
{[%clk 1:32:05]} Nf6 {[%clk 1:32:04]} 5. Nc3 {[%clk 1:32:29]} a6 {[%clk 1:32:22]}
6. Bg5 {[%clk 1:32:43]} Nbd7 {[%clk 1:32:40]} 7. Bc4 {[%clk 1:33:00]} Qb6
{[%clk 1:31:59]} 8. Bb3 {[%clk 1:31:21]} e6 {[%clk 1:32:01]} 9. Qd2
{[%clk 1:30:29]} Nc5 {[%clk 1:25:44]} 10. Bxf6 {[%clk 1:26:43]} gxf6
{[%clk 1:26:04]} 11. O-O-O {[%clk 1:24:12]} Bd7 {[%clk 1:14:26]} 12. f4
{[%clk 1:15:20]} O-O-O {[%clk 1:10:32]} 13. f5 {[%clk 1:13:14]} h5
{[%clk 1:03:53]} 14. Kb1 {[%clk 1:13:22]} Bh6 {[%clk 1:02:56]} 15. Qe2
{[%clk 1:05:51]} Bf4 {[%clk 0:58:11]} 16. fxe6 {[%clk 1:00:29]} fxe6
{[%clk 0:57:43]} 17. Bxe6 {[%clk 0:59:13]} Nxe6 {[%clk 0:47:24]} 18. Nd5
{[%clk 0:59:15]} Qc5 {[%clk 0:39:38]} 19. Nxe6 {[%clk 0:48:44]} Bxe6
{[%clk 0:39:57]} 20. b4 {[%clk 0:41:40]} Bg4 {[%clk 0:39:45]} 21. Qxg4+
{[%clk 0:39:52]} hxg4 {[%clk 0:40:03]} 22. bxc5 {[%clk 0:40:19]} Be5
{[%clk 0:21:53]} 23. cxd6 {[%clk 0:37:58]} Rxd6 {[%clk 0:22:13]} 24. h4
{[%clk 0:30:39]} gxh3 {[%clk 0:18:26]} 25. Rxh3 {[%clk 0:29:54]} Rhd8
{[%clk 0:16:20]} 26. Rhd3 {[%clk 0:24:20]} Kb8 {[%clk 0:15:02]} 27. c3
{[%clk 0:24:19]} Rg8 {[%clk 0:14:45]} 28. R1d2 {[%clk 0:23:53]} Rg4
{[%clk 0:14:20]} 29. Re2 {[%clk 0:22:35]} Rc6 {[%clk 0:10:29]} 30. Kc2
{[%clk 0:21:17]} Rc4 {[%clk 0:09:48]} 31. Rde3 {[%clk 0:21:29]} b5
{[%clk 0:09:42]} 32. Kd3 {[%clk 0:16:25]} Kb7 {[%clk 0:07:28]} 33. Rh3
{[%clk 0:15:13]} Rg7 {[%clk 0:07:23]} 34. Rb2 {[%clk 0:12:09]} Rd7
{[%clk 0:06:37]} 35. Rb4 {[%clk 0:12:03]} Rxc3+ {[%clk 0:06:21]} 36. Kd2
{[%clk 0:12:17]} Rxh3 {[%clk 0:04:47]} 37. gxh3 {[%clk 0:12:41]} Rh7
{[%clk 0:04:48]} 38. Rb3 {[%clk 0:11:47]} Rh4 {[%clk 0:04:41]} 39. Re3
{[%clk 0:11:30]} Bd4 {[%clk 0:03:42]} 40. Rf3 {[%clk 0:11:12]} Rxe4
{[%clk 0:02:41]} 41. Kd3 {[%clk 0:10:42]} Rh4 {[%clk 0:00:38]} 42. Nxf6
{[%clk 0:11:03]} Bxf6 {[%clk 0:27:52]} 43. Rxf6 {[%clk 0:41:20]} Rxh3+
{[%clk 0:26:00]} 44. Kc2 {[%clk 0:40:21]} Rh2+ {[%clk 0:24:29]} 45. Kb3
{[%clk 0:38:00]} Rh3+ {[%clk 0:24:50]} 46. Kb4 {[%clk 0:36:45]} Rh4+
{[%clk 0:24:45]} 47. Kb3 {[%clk 0:37:07]} Rh3+ {[%clk 0:25:07]} 48. Kb4
{[%clk 0:37:32]} Rh4+ {[%clk 0:25:30]} 49. Kb3 {[%clk 0:37:58]} Rh3+
{[%clk 0:25:53]} 1/2-1/2

[Event "Marianske Lazne 2023"]
[Site "?"]
[Date "2023.01.20"]
[Round "2.19"]
[White "Holtel, Jasper"]
[Black "Mica, Marek"]
[Result "1-0"]
[BlackElo "2244"]
[WhiteElo "2357"]
[LiveChessVersion "1.4.8"]

1. e4 {[%clk 1:30:58]} c6 {[%clk 1:30:49]} 2. Nc3 {[%clk 1:31:16]} d5
{[%clk 1:31:04]} 3. Nf3 {[%clk 1:31:36]} dxe4 {[%clk 1:30:59]} 4. Nxe4
{[%clk 1:31:56]} Nf6 {[%clk 1:30:59]} 5. Qe2 {[%clk 1:32:01]} Nxe4
{[%clk 1:30:26]} 6. Qxe4 {[%clk 1:32:19]} Qa5 {[%clk 1:25:38]} 7. Bc4
{[%clk 1:28:43]} Qf5 {[%clk 1:23:05]} 8. Qe3 {[%clk 1:26:40]} Nd7
{[%clk 1:21:05]} 9. O-O {[%clk 1:24:36]} e6 {[%clk 1:19:41]} 10. d4
{[%clk 1:17:17]} Nf6 {[%clk 1:16:40]} 11. Bd3 {[%clk 1:01:25]} Qh5
{[%clk 1:14:14]} 12. Ne5 {[%clk 0:57:48]} Bd6 {[%clk 1:12:56]} 13. f4
{[%clk 0:56:44]} Nd5 {[%clk 1:02:45]} 14. Qe1 {[%clk 0:51:45]} f5
{[%clk 0:56:05]} 15. Bd2 {[%clk 0:43:23]} O-O {[%clk 0:53:58]} 16. Rf3
{[%clk 0:35:42]} c5 {[%clk 0:48:45]} 17. Rh3 {[%clk 0:25:47]} Qe8
{[%clk 0:47:34]} 18. Qh4 {[%clk 0:23:11]} h6 {[%clk 0:46:55]} 19. g4
{[%clk 0:20:06]} cxd4 {[%clk 0:42:27]} 20. g5 {[%clk 0:17:06]} Kh7
{[%clk 0:35:58]} 21. gxh6 {[%clk 0:12:41]} g6 {[%clk 0:35:53]} 22. Qf2
{[%clk 0:09:49]} Qe7 {[%clk 0:30:06]} 23. Rg3 {[%clk 0:08:10]} Bxe5
{[%clk 0:23:58]} 24. fxe5 {[%clk 0:08:35]} Bd7 {[%clk 0:22:42]} 25. Qxd4
{[%clk 0:07:49]} Bc6 {[%clk 0:22:00]} 26. c4 {[%clk 0:06:09]} Nb4
{[%clk 0:12:12]} 27. Bg5 {[%clk 0:06:12]} Qe8 {[%clk 0:09:47]} 28. Rd1
{[%clk 0:05:28]} Nxa2 {[%clk 0:05:07]} 29. Bb1 {[%clk 0:04:17]} Nb4
{[%clk 0:05:29]} 30. Qd6 {[%clk 0:04:10]} a5 {[%clk 0:05:24]} 31. Ra3
{[%clk 0:03:52]} Rf7 {[%clk 0:04:25]} 32. Qc5 {[%clk 0:04:02]} Rd7
{[%clk 0:03:42]} 33. Rd6 {[%clk 0:04:08]} Ra6 {[%clk 0:02:07]} 34. h4
{[%clk 0:03:13]} Rxd6 {[%clk 0:01:17]} 35. exd6 {[%clk 0:02:43]} b6
{[%clk 0:00:53]} 36. Qe5 {[%clk 0:02:58]} Qf7 {[%clk 0:00:43]} 37. Rg3
{[%clk 0:02:24]} Ra8 {[%clk 0:00:42]} 38. Be3 {[%clk 0:01:37]} Rg8
{[%clk 0:00:36]} 39. Bxb6 {[%clk 0:01:28]} Ba8 {[%clk 0:00:38]} 40. Qxa5
{[%clk 0:00:46]} Nc6 {[%clk 0:00:54]} 41. Qa3 {[%clk 0:21:27]} Qb7
{[%clk 0:29:12]} 42. Bc5 {[%clk 0:20:25]} Na5 {[%clk 0:10:59]} 43. Kf2
{[%clk 0:14:56]} Qh1 {[%clk 0:10:50]} 44. Rg1 {[%clk 0:12:23]} Qh2+
{[%clk 0:10:48]} 45. Ke1 {[%clk 0:08:34]} Nxc4 {[%clk 0:09:44]} 46. Qa7+
{[%clk 0:06:00]} Kxh6 {[%clk 0:09:40]} 47. Be3+ {[%clk 0:05:52]} f4
{[%clk 0:09:51]} 48. Qf7 {[%clk 0:05:33]} Qxh4+ {[%clk 0:08:05]} 49. Bf2
{[%clk 0:05:41]} Qh5 {[%clk 0:05:11]} 50. Qxf4+ {[%clk 0:05:45]} Kh7
{[%clk 0:04:53]} 51. Qxc4 {[%clk 0:05:37]} Qe5+ {[%clk 0:03:56]} 52. Qe2
{[%clk 0:05:09]} Qa5+ {[%clk 0:04:00]} 53. Qd2 {[%clk 0:05:09]} Qe5+
{[%clk 0:04:22]} 54. Qe3 {[%clk 0:05:13]} Qa5+ {[%clk 0:03:09]} 55. Qc3
{[%clk 0:05:30]} Qa1 {[%clk 0:02:53]} 56. Qh3+ {[%clk 0:05:43]} 1-0

[Event "Marianske Lazne 2023"]
[Site "?"]
[Date "2023.01.20"]
[Round "2.20"]
[White "Nasshan, Dennis"]
[Black "Ocelak, Jakub"]
[Result "0-1"]
[BlackElo "2105"]
[WhiteElo "2320"]
[LiveChessVersion "1.4.8"]

1. d4 {[%clk 1:30:56]} d5 {[%clk 1:30:26]} 2. Nf3 {[%clk 1:31:18]} Nf6
{[%clk 1:30:48]} 3. g3 {[%clk 1:31:43]} c5 {[%clk 1:31:11]} 4. Bg2
{[%clk 1:31:24]} cxd4 {[%clk 1:31:38]} 5. O-O {[%clk 1:31:35]} h6
{[%clk 1:32:01]} 6. b3 {[%clk 1:21:56]} e6 {[%clk 1:32:26]} 7. Bb2
{[%clk 1:20:57]} Bc5 {[%clk 1:32:54]} 8. Nxd4 {[%clk 1:16:52]} e5
{[%clk 1:33:19]} 9. Nf3 {[%clk 1:12:18]} e4 {[%clk 1:33:48]} 10. Nd4
{[%clk 1:10:14]} O-O {[%clk 1:34:15]} 11. Ba3 {[%clk 0:52:49]} Qe7
{[%clk 1:12:34]} 12. Qc1 {[%clk 0:48:15]} Rd8 {[%clk 1:07:14]} 13. c3
{[%clk 0:45:53]} Nc6 {[%clk 1:01:48]} 14. Bxc5 {[%clk 0:44:04]} Qxc5
{[%clk 1:02:15]} 15. Qa3 {[%clk 0:44:22]} Qb6 {[%clk 0:58:12]} 16. Qb2
{[%clk 0:43:08]} Bd7 {[%clk 0:51:00]} 17. Na3 {[%clk 0:41:36]} Ne5
{[%clk 0:48:25]} 18. Rad1 {[%clk 0:37:33]} Rac8 {[%clk 0:46:12]} 19. Nb1
{[%clk 0:35:56]} Rc7 {[%clk 0:42:25]} 20. Qd2 {[%clk 0:34:36]} Rdc8
{[%clk 0:39:53]} 21. Nc2 {[%clk 0:32:30]} Nc6 {[%clk 0:33:47]} 22. Nd4
{[%clk 0:26:14]} Ne5 {[%clk 0:33:50]} 23. Nc2 {[%clk 0:26:01]} Nc6
{[%clk 0:33:48]} 24. h3 {[%clk 0:24:42]} a5 {[%clk 0:32:24]} 25. Nd4
{[%clk 0:18:54]} a4 {[%clk 0:28:14]} 26. Nxc6 {[%clk 0:15:45]} Bxc6
{[%clk 0:27:30]} 27. b4 {[%clk 0:09:44]} Bb5 {[%clk 0:21:29]} 28. Rfe1
{[%clk 0:09:54]} Re7 {[%clk 0:20:38]} 29. Qd4 {[%clk 0:09:10]} Qa6
{[%clk 0:20:28]} 30. Qe3 {[%clk 0:09:03]} Bc4 {[%clk 0:19:45]} 31. Rd2
{[%clk 0:08:53]} a3 {[%clk 0:15:44]} 32. Rc2 {[%clk 0:07:14]} Bd3
{[%clk 0:07:04]} 33. Rd2 {[%clk 0:03:56]} Bxb1 {[%clk 0:05:18]} 34. Rxb1
{[%clk 0:04:23]} Rec7 {[%clk 0:05:23]} 35. Rb3 {[%clk 0:04:41]} Rc4
{[%clk 0:05:04]} 36. Bf1 {[%clk 0:04:20]} b5 {[%clk 0:03:52]} 37. Rd4
{[%clk 0:03:31]} Qa4 {[%clk 0:01:35]} 38. Qd2 {[%clk 0:00:58]} Ra8
{[%clk 0:00:50]} 39. Rb1 {[%clk 0:00:34]} Rxd4 {[%clk 0:00:46]} 40. Qxd4
{[%clk 0:00:34]} Qc2 {[%clk 0:01:01]} 41. Qd1 {[%clk 0:30:30]} Qxa2
{[%clk 0:20:03]} 42. e3 {[%clk 0:29:19]} Rc8 {[%clk 0:16:56]} 43. Qc1
{[%clk 0:24:00]} d4 {[%clk 0:11:20]} 44. exd4 {[%clk 0:23:00]} e3
{[%clk 0:11:24]} 45. fxe3 {[%clk 0:17:51]} Ne4 {[%clk 0:11:45]} 46. Qe1
{[%clk 0:14:02]} Nd2 {[%clk 0:12:04]} 0-1

[Event "Marianske Lazne 2023"]
[Site "?"]
[Date "2023.01.20"]
[Round "2.17"]
[White "Jurek, Josef"]
[Black "Kantorik, Marian"]
[Result "1/2-1/2"]
[BlackElo "2199"]
[WhiteElo "2230"]
[LiveChessVersion "1.4.8"]

1. c4 e5 2. Nc3 Bb4 3. Qb3 Bxc3 4. Qxc3 Nc6 5. Nf3 d6 6. g3 Nf6 7. Bg2 O-O 8. d3
h6 9. O-O Be6 10. b4 Qd7 11. b5 Ne7 12. Nd2 c6 13. bxc6 Nxc6 14. Bb2 d5 15. cxd5
Bxd5 16. Bxd5 Nxd5 17. Qb3 Na5 18. Qa3 Nc6 19. Rfe1 Rfd8 20. Qb3 Na5 21. Qa3 Nc6
22. Qb3 Na5 1/2-1/2